Statistics for Biggest cities in North Korea

Click here to take the quiz!

General Stats

  • This quiz has been taken 8 times
  • The average score is 3 of 10

Answer Stats

AnswerPopulation% Correct
Hamhung768 551
80%
Kaesong308 440
40%
Nampo366 815
40%
Pyongjang3 255 288
40%
Wonsan363 127
40%
Chongjin667 929
20%
Kaechon319 554
20%
Sinuiju359 341
0%
Sunchon297 317
0%
Tanchon345 875
0%

Score Distribution

Percentile by Number Answered

Percent of People with Each Score

Your Score History

You have not taken this quiz